| 000 | 00646nam a2200193 a 4500 | ||
|---|---|---|---|
| 001 | 000023093 | ||
| 005 | 20200930022001.0 | ||
| 008 | 101126s1967 sp ad r 000 0 spa d | ||
| 040 |
_aDO-SdBNP _bspa _cBNPHU |
||
| 082 |
_axxxx _bA719p |
||
| 100 | 1 |
_aArjona Ciria, Antonio _947543 |
|
| 245 | 1 | 0 |
_aPrincipios de control de producción / _cAntonio Arjona Ciria. |
| 260 |
_aBilbao : _bDeusto, _c1967. |
||
| 300 |
_at.1 : _bil., diag. ; _c21 cm. |
||
| 490 | 1 | _aManuales practicos de gestión de empresas | |
| 490 | 1 | _aSerie C | |
| 500 | _aIncluye notas al pie de las páginas. | ||
| 830 | 0 |
_aManuales practicos de gestión de empresas ; _pSerie C _947544 |
|
| 999 |
_c22590 _d22590 |
||